000 00585nam a2200193 i 4500
001 bg
100 1 _aDINIEJKO, Andrzej
245 0 _aEnglish practice for engineering students /
_cAndrzej Dniejko.
260 _aKielce,
_c1982.
490 1 _aSkrypty Uczelniane Politechniki Świętokrzyskiej ;
_vnr 99
650 9 _aJęzyk angielski
_xtechnika
655 _aPodręczniki akademickie
830 _aSkrypty Uczelniane Politechniki Świętokrzyskiej ;
040 _cBPK
041 _apol
080 _a802.0:62](075.8)
942 _cKS
008 s pl f |000 0 pol
999 _c21066
_d21066
856 _uhttp://koha.tu.koszalin.pl/cgi-bin/koha/opac-detail.pl?biblionumber=21066
_yKatalog online BPK